1935 1336 1983 1120 1201 1010 1396 1693 1448 1565 1916 1504 1821 1813 1181 1480 1912 1217 1018 1759 1057 1170 1821 1503 1459 1444 1816 1660 1998 1825 1658 1295 1120 1464 1851 1359 1992 1360 1393 1080 1932 1226 1473 1384 1359 1650 1513 1587 1457 1773 1274 1215 1662 1078 1439 1907 1683 1117 1019 1626 1711 1396 1220 1858 1034 1986 1763 1574 1777 1479 1811 1586 1520 1650 1205 1919 1552 1141 1297 1450 1629 1639 1637 1816 1866 1628 1681 1171 1918 1740 1098 1039 1973 1423 1180 1600 1309 1200 1453 BCNSPRNW ULIB Ver.6.0+V

เปลี่ยนเป็นภาษาไทย

Change to English
 แสดงรายละเอียดบรรณานุกรม
  กลับหน้าหลัก

Brief Record : Get Marc (ISO 2709) : E-mail record : QR code < ปิดหน้าต่าง
LEADER : 00000nam 2200000uu 4500
001    13399108083
003     ULIB
008    110216s2551||||th 000 0 tha d
020    9789748327983
060  4 QU58.5^bก962ย 2551
100 1  Anna Claybourne
245 10 ยีนและดีเอ็นเอ=^b Introduction to genes&dna/^cแปล โกศัลย์และสุวรรณ คูสำราญ
246 31 Introduction to genes&dna
250    พิมพ์ครั้งที่ 1
260    กรุงเทพฯ:^bนามีบุ๊คส์พับลิเคชั่น,^c2551
300    63 หน้า
650  7 ยีน
650  7 ดีเอ็นเอ
945    ^p195^l0^i025757
995    ทศพร
999 ^a ใช้งานได้ทุกระบบ
รายการนี้ยังไม่มีแท็ก
คุณยังไม่ได้ล็อกอิน คุณสามารถมีกิจกรรมร่วมกับเว็บไซต์ได้ แต่ต้องล็อกอินก่อน ::
  ล็อกอิน

รายการสื่อสารสนเทศ

ลำดับที่ ประเภท เลขเรียก/บาร์โค้ด สถานที่ สถานะ
- ไม่พบข้อมูล -

รายการใกล้เคียง
    หัวเรื่อง [ยีน]

BibComment


ยังไม่เคยถูกคอมเมนท์

คอมเมนท์ทรัพยากรรายการนี้
  คอมเมนท์: ยีนและดีเอ็นเอ I..


 Copyright 2026. Bcnsprnw @Library